Cách mạng Việt Nam trên bàn cờ quốc tế lịch sử và vấn đề : Sách tham khảo
Cuốn sách dành nhiều trang viết về đường lối hội nhập quốc tế của Việt Nam, mối quan hệ song phương và đa phương, đặc biệt là quan hệ Việt Nam - Hoa Kỳ, Việt Nam - ASEAN, giữa Việt Nam với các tổ chức quốc tế....
Đã lưu trong:
| Príomhúdar: | |
|---|---|
| Formáid: | Leabhar |
| Teanga: | Vietnamese |
| Foilsithe: |
H.
Chính trị Quốc gia Sự Thật
2017
|
| Eagrán: | Tái bản lần thứ nhất |
| Ábhair: | |
| Clibeanna: |
Cuir Clib Leis
Gan Chlibeanna, Bí ar an gcéad duine leis an taifead seo a chlibeáil!
|
| Thư viện lưu trữ: | Thư viện Trường Đại học Nam Cần Thơ |
|---|
| LEADER | 01373nam a22002177a 4500 | ||
|---|---|---|---|
| 001 | NCT_44098 | ||
| 008 | 180706b xxu||||| |||| 00| 0 vie d | ||
| 999 | |c 2114 |d 2114 | ||
| 020 | |a 9786045733363 |c 100000 | ||
| 082 | 0 | 4 | |2 23rd ed. |a 327.597 |b N312 |
| 100 | 1 | |a Vũ Dương Ninh | |
| 245 | 1 | 0 | |a Cách mạng Việt Nam trên bàn cờ quốc tế lịch sử và vấn đề : |b Sách tham khảo |c Vũ Dương Ninh |
| 250 | |a Tái bản lần thứ nhất | ||
| 260 | |a H. |b Chính trị Quốc gia Sự Thật |c 2017 | ||
| 300 | |a 342 tr. |c 24cm | ||
| 520 | 3 | |a Cuốn sách dành nhiều trang viết về đường lối hội nhập quốc tế của Việt Nam, mối quan hệ song phương và đa phương, đặc biệt là quan hệ Việt Nam - Hoa Kỳ, Việt Nam - ASEAN, giữa Việt Nam với các tổ chức quốc tế. | |
| 653 | |a Kinh tế chính trị | ||
| 942 | |2 ddc |c BK | ||
| 952 | |0 0 |1 0 |2 ddc |4 0 |6 327_597000000000000_N312 |7 0 |9 12027 |a 000001 |b 000001 |d 2018-07-06 |l 1 |o 327.597 N312 |p MD.11338 |r 2021-06-05 |s 2021-04-24 |v 100000.00 |w 2018-07-06 |y BK | ||
| 952 | |0 0 |1 0 |2 ddc |4 0 |6 327_597000000000000_N312 |7 0 |9 12028 |a 000001 |b 000001 |d 2018-07-06 |o 327.597 N312 |p MD.11339 |r 2018-07-06 |v 100000.00 |w 2018-07-06 |y BK | ||
| 980 | |a Thư viện Trường Đại học Nam Cần Thơ | ||


